000
00311nam a22001337a 4500
008
170418b xxu||||| |||| 00| 0 eng d
020
_a
9780397548866
041
_a
eng
080
_2
4 ED
_a
579
100
_a
11
101
_a
SHM
245
_a
MICROBIOLOGY HEALTH SCIENCES
_c
BURTON.G.R.W
942
_2
udc
_c
BK
999
_c
10984
_d
10984